Die wohlklingende Fingersprache : Fugen und Suitensätze für Cembalo oder Klavier /

Bibliographic Details
Main Author: Mattheson, Johann, 1681-1764
Format: Musical Score Book
Language:German
Published: Leipzig : Breitkopf & Härtel, [1981]
Series:Mitteldeutsches Musikarchiv. Klaviermusik ; Heft 1.
Subjects:

MARC

Tag First Indicator Second Indicator Subfields
LEADER 00000ccm a2200000Ma 4500
001 in00002401713
005 20151109085655.0
008 820622s1953 gw z n ger c
028 3 0 |a 5831  |b Breitkopf & Härtel 
028 2 0 |a 31474  |b Breitkopf & Härtel 
035 |a (OCoLC)ocn223943611 
035 |a (OCoLC)223943611 
040 |a OTU  |b eng  |c UTO  |d TXA  |d UtOrBLW 
041 0 |g ger 
045 |a v3v3 
046 |a LC diff. ed. 
048 |a kc01 
048 |a ka01 
049 |a TXAM 
050 0 4 |a M21.J45  |b M6 Heft 1 
100 1 |a Mattheson, Johann,  |d 1681-1764. 
245 1 4 |a Die wohlklingende Fingersprache : Fugen und Suitensätze für Cembalo oder Klavier /  |c Johann Mattheson ; herausgegeben von Lothar Hoffmann-Erbrecht. 
264 1 |a Leipzig :  |b Breitkopf & Härtel,  |c [1981] 
264 4 |c ©1981 
300 |a 71 pages of music. 
336 |a notated music  |b ntm  |2 rdacontent 
337 |a unmediated  |b n  |2 rdamedia 
338 |a volume  |b nc  |2 rdacarrier 
490 1 |a Mitteldeutsches Musikarchiv. Reihe 1, Klaviermusik ;  |v Heft 1 
500 |a For harpsichord or piano. 
500 |a Publisher's number: Edition Breitkopf Nr. 5831. 
500 |a Pl. number: 31474. 
650 0 |a Canons, fugues, etc. (Harpsichord) 
830 0 |a Mitteldeutsches Musikarchiv.  |n Reihe 1,  |p Klaviermusik ;  |v Heft 1. 
948 |a cataloged  |b h  |c 2008/7/29  |d c  |e bhartsfi  |f 3:11:08 pm 
994 |a C0  |b TXA 
999 |a MARS 
999 f f |s 2ab2a8b9-937b-30c2-b7a8-ff5ff2e60439  |i 67e3729c-71a3-3133-9d92-5159caa479ec  |t 0 
952 f f |p ric  |a Texas A&M University  |b Rellis Campus  |c Joint Library Facility  |d Remote Storage  |t 0  |e M21.J45 M6 Heft 1  |h Library of Congress classification  |i unmediated -- volume  |m A14837318198 
998 f f |a M21.J45 M6 Heft 1  |t 0  |l Remote Storage